Social dissonance in the classroom-negotiated existence of economically weaker section (EWS) in a public school (Record no. 1393203)
[ view plain ]
| 000 -LEADER | |
|---|---|
| fixed length control field | 00660nam a2200193Ia 4500 |
| 005 - DATE AND TIME OF LATEST TRANSACTION | |
| control field | 20250508165114.0 |
| 008 - FIXED-LENGTH DATA ELEMENTS--GENERAL INFORMATION | |
| fixed length control field | 008 250505s9999 xx 000 0 eng d |
| 037 ## - SOURCE OF ACQUISITION | |
| Stock number | Dissertations |
| 040 ## - CATALOGING SOURCE | |
| Original cataloging agency | FEDL |
| Language of cataloging | eng |
| Transcribing agency | FEDL |
| 041 ## - LANGUAGE CODE | |
| Language code of text/sound track or separate title | eng |
| Source of code | eng |
| 084 ## - COLON CLASSIFICATION NUMBER | |
| Classification number | 370.193 41, SHA/DI |
| Assigning agency | FEDL |
| 100 ## - MAIN ENTRY--PERSONAL NAME | |
| Personal name | Sharma Shilpa |
| 9 (RLIN) | 553959 |
| 245 #0 - TITLE STATEMENT | |
| Title | Social dissonance in the classroom-negotiated existence of economically weaker section (EWS) in a public school |
| 260 ## - PUBLICATION, DISTRIBUTION, ETC. | |
| Date of publication, distribution, etc. | 2011 |
| 300 ## - PHYSICAL DESCRIPTION | |
| Extent | 122p. |
| 546 ## - LANGUAGE NOTE | |
| Language note | M. Ed. Dissertation, (Delhi University); Gifted by Prof. Sailaja Chennat |
| 942 ## - ADDED ENTRY ELEMENTS (KOHA) | |
| Koha item type | Dissertations |
| Classification part | 370.193 41, SHA/DI |
| Withdrawn status | Lost status | Damaged status | Not for loan | Home library | Current library | Date acquired | Total Checkouts | Full call number | Barcode | Date last seen | Price effective from | Koha item type |
|---|---|---|---|---|---|---|---|---|---|---|---|---|
| Department of Education Library | Department of Education Library | 2025-05-08 | 370.193 41, SHA/DI | EL0086841 | 2025-05-08 | 2025-05-08 | Dissertations |
